000 00609nam a2200241Ia 4500
003 OSt
005 20220918211827.0
006 a|||||r|||| 00| 0
007 ta
008 220917b |||||||| |||| 00| 0 eng d
024 _a125,768
037 _cTextual
040 _aARTS
_cARTS
_beng
041 _2eng
_aeng
082 _aW:280Y1, J0
100 _aWhite R Clyde
_9121458
245 0 _aAdministration of public welfare
250 _a2nd
260 _aNA
_bNA
_c1950
650 _aPOLITICAL SCIENCE
942 _hW:280Y1, J0
_cTEXL
_2CC
999 _c248915
_d248915